000 00298nam a2200121Ia 4500
005 20251028132448.0
008 251020t2016||||xx |||||||||||||| ||spa||
041 _aspa
100 _aMedina Pabón, Juan Enrique
245 0 _aDerecho civil: bienes, derechos reales
260 _c2016
942 _CLB
_cLB
999 _c2600
_d2600